Bairros de Limoeiro em um mapa - Statistics

Estatísticas Gerais
  • Esse quiz foi jogado 4 vezes
  • A pontuação média é 5 de 13
Respostas no mapa
Respostas codificadas por cores de uma escala verde-vermelha no mapa do quiz de acordo com a % correta abaixo.
 
Estatísticas das Respostas
Bairro % Correto
Centro
100%
Santa Luzia
67%
Doutor Severino Pinheiro
33%
João Ernesto
33%
José Fernandes Salsa
33%
Juá
33%
Otácio de Lemos
33%
Pirauira
33%
Ponto Certo
33%
Redentor
33%
Santa Teresinha
33%
Santo Antônio
33%
São Sebastião
33%
Nenhum quiz correspondente encontrado
Distribuição das Pontuações
Porcentagem de Pessoas com Cada Pontuação
Percentil de Números Respondidos
Sua Pontuação Histórica
Você não jogou esse quiz